Fr. Conceicao Rodrigues College of Engineering

Practical Mobile Forensics (Record no. 36340)

MARC details
000 -LEADER
fixed length control field 00401nam a22001697a 4500
003 - CONTROL NUMBER IDENTIFIER
control field OSt
005 - DATE AND TIME OF LATEST TRANSACTION
control field 20260413095314.0
007 - PHYSICAL DESCRIPTION FIXED FIELD--GENERAL INFORMATION
fixed length control field 385 pages
008 - FIXED-LENGTH DATA ELEMENTS--GENERAL INFORMATION
fixed length control field 260413b |||||||| |||| 00| 0 eng d
020 ## - INTERNATIONAL STANDARD BOOK NUMBER
International Standard Book Number 9781838647520
040 ## - CATALOGING SOURCE
Transcribing agency
082 ## - DEWEY DECIMAL CLASSIFICATION NUMBER
Edition number 4
Classification number 004.678
Item number TAM
245 ## - TITLE STATEMENT
Title Practical Mobile Forensics
Statement of responsibility, etc. Tamma,Rohit
250 ## - EDITION STATEMENT
Edition statement 4
260 ## - PUBLICATION, DISTRIBUTION, ETC.
Name of publisher, distributor, etc. PACKT
Date of publication, distribution, etc. 2020
942 ## - ADDED ENTRY ELEMENTS (KOHA)
Source of classification or shelving scheme Dewey Decimal Classification
Koha item type Reference Book
Edition 4
Call number prefix 004.678
Call number suffix TAM
Suppress in OPAC No
Holdings
Withdrawn status Lost status Source of classification or shelving scheme Damaged status Not for loan Collection Home library Current library Date acquired Cost, normal purchase price Inventory number Total Checkouts Full call number Barcode Date last seen Price effective from Koha item type
    Dewey Decimal Classification     COMPUTERS Fr. Agnel's C.Rodrigues College of Engineering Fr. Agnel's C.Rodrigues College of Engineering 13/04/2026 3299.00 AO/26/04/005   004.678/TAM 27209 13/04/2026 13/04/2026 Reference Book